محددات التسويق الإلكتروني في التعاملات التجارية وأثرها علي العميل في التشريع المقارن / (Record no. 60688)
[ view plain ]
| 000 -LEADER | |
|---|---|
| fixed length control field | 03279nam a2200409 i 4500 |
| 003 - CONTROL NUMBER IDENTIFIER | |
| control field | EG-GICUC |
| 005 - أخر تعامل مع التسجيلة | |
| control field | 20260203163252.0 |
| 008 - FIXED-LENGTH DATA ELEMENTS--GENERAL INFORMATION | |
| fixed length control field | 260203s2025 ua |||f m||| 00| 0 ara d |
| 040 ## - CATALOGING SOURCE | |
| Original cataloguing agency | EG-GICUC |
| Transcribing agency | EG-GICUC |
| Modifying agency | EG-GICUC |
| Description conventions | rda |
| Language of cataloging: | ara |
| 041 0# - LANGUAGE CODE | |
| Language code of text/sound track or separate title | ara |
| 049 ## - Acquisition Source | |
| Acquisition Source | إهداء |
| 082 04 - DEWEY DECIMAL CLASSIFICATION NUMBER | |
| Classification number | 347.062 |
| Edition number | 21 |
| 097 ## - Degree | |
| Degree | Ph.D |
| 099 ## - LOCAL FREE-TEXT CALL NUMBER (OCLC) | |
| Local Call Number | Law 05 PHD 2025 |
| 100 0# - MAIN ENTRY--PERSONAL NAME | |
| Authority record control number or standard number | سعد محمد سعد الرجعان المعوشرجي |
| Preparation | مؤلف. |
| 245 10 - TITLE STATEMENT | |
| Title | محددات التسويق الإلكتروني في التعاملات التجارية وأثرها علي العميل في التشريع المقارن / |
| Statement of responsibility, etc. | إعداد سعد محمد سعد الرجعان المعوشرجي؛ إشراف الأستاذ خليل فيكتور تادرس. |
| 264 #0 - PRODUCTION, PUBLICATION, DISTRIBUTION, MANUFACTURE, AND COPYRIGHT NOTICE | |
| Place of production, publication, distribution, manufacture | القاهرة: |
| Name of producer, publisher, distributor, manufacturer | كلية الحقوق- جامعة القاهرة، |
| Date of production, publication, distribution, manufacture, or copyright notice | 2025. |
| 300 ## - PHYSICAL DESCRIPTION | |
| Extent | 390 صفحة؛ |
| Dimensions | 25 سم. |
| 336 ## - CONTENT TYPE | |
| Content type term | text |
| Source | rda content |
| 337 ## - MEDIA TYPE | |
| Media type term | Computer |
| Source | rda media |
| 338 ## - CARRIER TYPE | |
| Carrier type term | Online Resource |
| Source | rda carrier |
| 500 ## - General note | |
| General note | رسائل نسخة منفردة |
| 500 ## - General note | |
| General note | تحتوي علي صفحة عنوان باللغة الأنجليزية |
| 502 ## - DISSERTATION NOTE | |
| Dissertation note | أطروحة (دكتوراة)- جامعة القاهرة، كلية الحقوق، قسم القانون التجاري، 2025. |
| 504 ## - BIBLIOGRAPHY, ETC. NOTE | |
| Bibliography, etc. note | ببليوجرافيا: صفحات 332-380 |
| 520 3# - SUMMARY, ETC. | |
| Summary, etc. | في طيات هذه الرسالة سوف يتم بحث ودراسة التسويق الالكتروني وأثره على تجربة المتعاملين في ضوء التشريعات المقارنة، وتحليل كيفية تطبيق التسويق الإلكتروني في البيئات التجارية المختلفة، إلى جانب معرفة تأثير ذلك على سلوك العملاء وتوجهاتهم، إضافة إلى استعراض القوانين واللوائحالمرتبطة بالتسويق الإلكتروني في الأنظمة الدولية المختلفة ومقارنتها مع بعضها البعض لمعرفة الفوارق والتشابهات، بما يؤدي لتوضيح كيفية الاستفادة من هذه التشريعات وتطوير الحالي منها المزامنة التحديثات المتسارعة في مجالات التسويق الإلكتروني بما يضمن حماية حقوق ومصالح المتعاملين ويحقق المنفعة العامة في ظل ثورة الاتصال بالقضاء السيبراني |
| 546 ## - LANGUAGE NOTE | |
| Text Language | الملخص باللغة العربية |
| 650 04 - SUBJECT ADDED ENTRY--TOPICAL TERM | |
| Topical term or geographic name entry element | القانون التجاري |
| 653 #0 - INDEX TERM--UNCONTROLLED | |
| Uncontrolled term | التسويق الإلكتروني |
| -- | التشريعات المقارنة |
| -- | البيئات التجارية المختلفة |
| -- | سلوك العملاء وتوجهاتهم |
| -- | القوانين واللوائح المرتبطة بالتسويق الإلكتروني |
| 655 #4 - INDEX TERM--GENRE/FORM | |
| Genre/form data or focus term | رسائل جامعية |
| Geographic subdivision | جامعة القاهرة |
| General subdivision | القانون التجاري |
| 700 0# - ADDED ENTRY--PERSONAL NAME | |
| Personal name | خليل فيكتور تادرس |
| Relator term | مشرف. |
| 710 2# - ADDED ENTRY--CORPORATE NAME | |
| Corporate name or jurisdiction name as entry element | جامعة القاهرة. |
| Subordinate unit | كلية الحقوق |
| 856 ## - ELECTRONIC LOCATION AND ACCESS | |
| Uniform Resource Identifier | <a href="https://fll.law.cu.edu.eg/fulltext/th/T05-02837.pdf">https://fll.law.cu.edu.eg/fulltext/th/T05-02837.pdf</a> |
| 900 ## - Thesis Information | |
| Grant date | 2025 |
| Universities | جامعة القاهرة |
| Faculties | كلية الحقوق |
| Department | قسم القانون التجاري |
| 905 ## - Cataloger and Reviser Names | |
| Cataloger Name: | Hoda |
| 942 ## - ADDED ENTRY ELEMENTS (KOHA) | |
| Source of classification or shelving scheme | Dewey Decimal Classification |
| Koha item type | Thesis |
| Edition | 21 |
| Suppress in OPAC | No |
| Source of classification or shelving scheme | Collection | Home library | Current library | Date acquired | Full call number | Barcode | Date last seen | Copy number | Effective from | Koha item type |
|---|---|---|---|---|---|---|---|---|---|---|
| Dewey Decimal Classification | القانون التجاري | جــــامعة القــاهرة | مكتبة كلية الحقوق - المبنى الرئيسي | 03.02.2026 | Law1 05 PHD 2025 0502837 C1 | T05-02837 | 03.02.2026 | 1 | 03.02.2026 | Thesis |
| Dewey Decimal Classification | القانون التجاري | جــــامعة القــاهرة | مكتبة كلية الحقوق - المبنى الرئيسي | 03.02.2026 | Law1 05 PHD 2025 0502838 C2 | T05-02838 | 03.02.2026 | 2 | 03.02.2026 | Thesis |
| Dewey Decimal Classification | القانون التجاري | جــــامعة القــاهرة | مكتبة كلية الحقوق - فـرع الشيخ زايد | 03.02.2026 | Law2 05 PHD 2025 0502839 C3 | T05-02839 | 03.02.2026 | 3 | 03.02.2026 | Thesis |